00420nam a2200157Ia 4500008004100000020001500041041001200056082001600068100001400084245007200098250000800170260004500178300000800223650001800231700001300249221030s9999 xx 000 0 und d a8120416104 aEnglish a105.23bPar aU. Pareek 0aDesigning & Managing Human Resource Systemscby U. Pareek, T. V Rao a3rd bOxford & IBH PublishingaNew Delhic2003 a622 aBE Management aT. V Rao